000 00389nam a2200133Ia 4500
008 191206s9999 xx 000 0 und d
020 _a684841347
090 _aBL624.2V37
245 0 _aOne day my soul just opened up: 40 days and 40 nights toward spiritual strength and personal growth
260 _aFireside
260 _ccc1998
300 _a316 p. ; 23 cm.
999 _c16597
_d16597